Sports Quiz

Random Sports or Olympics Quiz
Score 0/24 Timer 06:00
0 Plays Today
Hint Answer % Correct
Sochi 2014
100%
Sochi 2014
98.3%
Curling
89.3%
Bobsleigh
87.9%
Figure Skating
83.4%
Ice Hockey
80.6%
Cross-Country Skiing
79.7%
Luge
73.4%
Ski Jumping
68.8%
Skeleton
66.5%
Biathlon
65.6%
Speed Skating
64.8%
Hint Answer % Correct
Alpine Skiing
57.6%
Snowboard Halfpipe
42%
Short Track Speed Skating
41.4%
Nordic Combined
35.1%
Snowboard Cross
30.9%
Freestyle Skiing - Aerials
24.6%
Snowboard Slopestyle
22.2%
Freestyle Skiing - Ski Cross
20.2%
Freestyle Skiing - Slopestyle
18.5%
Freestyle Skiing - Halfpipe
17.1%
Freestyle Skiing - Moguls
16.4%
Snowboard Parallel Slalom
14.1%
Remove Ads.
Support Sporcle.
Get the best of Sporcle when you Go Orange. This ad-free experience offers more features, more stats, and more fun while also helping to support Sporcle. Thank you for becoming a member.

You're not logged in!

Compare scores with friends on all Sporcle quizzes.
OR
Log In

Show Comments

Extras

Top Quizzes Today


Score Distribution

Your Account Isn't Verified!

In order to create a playlist on Sporcle, you need to verify the email address you used during registration. Go to your Sporcle Settings to finish the process.

Report this User

Report this user for behavior that violates our Community Guidelines.

Details: